Juan Calfucurá en la prensa del siglo XIX: construcciones y visiones diferentes de un personaje clave en la lucha de la frontera sur /

Guardado en:
書目詳細資料
主要作者: Stroppa, María Cecilia
格式: Texto
主題:
標簽: 添加標簽
沒有標簽, 成為第一個標記此記錄!

MARC

LEADER 00000 a a2200000 04500
001 16057
003
040
100 |a Stroppa, María Cecilia  
245 |a Juan Calfucurá en la prensa del siglo XIX:   |b construcciones y visiones diferentes de un personaje clave en la lucha de la frontera sur /  |c María Cecilia Stroppa 
650 |a ANALISIS DE CONTENIDO  
650 |a PRENSA  
650 |a HISTORIA SOCIAL  
650 |a ARGENTINA  
773 |g volumen 14; páginas 73-88  
999 |c 32351  |d 32351